[Event "Sampa Chess Open - Local Piso Superior (ao lado da Renner) às 19h00"]
[Site "Shopping Metrô Tatuapé - Rua Domingos Agostim, 91, São Paulo/SP 03306-010"]
[Date "2024.01.30"]
[Round "2"]
[Board "50"]
[White "Dionisio, Alex Monteiro"]
[Black "De Oliveira, Lucas Silva"]
[Result "1/2-1/2"]
[WhiteElo "1514"]
[BlackElo "1800"]
[PlyCount "0"]
[EventDate "2024.01.29"]
[EventRounds "9"]
[EventCountry "BRA"]

1. e4 c5 2. Nf3 e6 3. d3 Nc6 4. g3 g6 5. Bg2 Bg7 6. O-O Nge7 7. Qe2 O-O 8. e5 d6
9. exd6 Qxd6 10. Nbd2 Nf5 11. Ne4 Ncd4 12. Nxd4 Nxd4 13. Qd1 Qc7 14. Be3 f5 15. Nc3
Bd7 16. Rb1 Bc6 17. f3 e5 18. Ne2 Rac8 19. c3 Ne6 20. Qb3 Qd7 21. Rbd1 Rcd8 22. f4
Bxg2 23. Kxg2 b6 24. fxe5 Bxe5 25. d4 cxd4 26. cxd4 Bd6 27. d5 Nc5 28. Bxc5 bxc5
29. Qc4 Rfe8 30. Nc3 Rb8 31. Nb5 Rb6 32. Nxd6 Rxb2+ 33. Rf2 Rxf2+ 34. Kxf2 Qxd6 35.
Rc1 Rd8 36. Qxc5 Qxd5 37. Qxd5+ Rxd5 38. Rc8+ Kg7 39. Rc7+ Kf6 40. Rxa7 Rd2+ 41.
Kg1 h5 42. Ra6+  1/2-1/2

[Event "Sampa Chess Open - Local Piso Superior (ao lado da Renner) às 19h00"]
[Site "Shopping Metrô Tatuapé - Rua Domingos Agostim, 91, São Paulo/SP 03306-010"]
[Date "2024.01.30"]
[Round "2"]
[Board "51"]
[White "Pereira, Igor Marcelo Souza"]
[Black "Nunes, Rafael Klanfer"]
[Result "0-1"]
[WhiteElo "1351"]
[BlackElo "1789"]
[PlyCount "0"]
[EventDate "2024.01.29"]
[EventRounds "9"]
[EventCountry "BRA"]

1. e4 c5 2. Nf3 d6 3. d4 cxd4 4. Nxd4 Nf6 5. Nc3 a6 6. f3 h5 7. Be3 e5 8. Nb3 Be7
9. Qd2 Be6 10. O-O-O Nbd7 11. Be2 Rb8 12. Rdg1 b5 13. g4 hxg4 14. fxg4 b4 15. Nd5
Nxe4 16. Qd3 Bg5 17. Nc7+ Qxc7 18. Qxe4 Bxe3+ 19. Qxe3 Rc8 20. Bd3 Bd5 21. Be4 Bxe4
22. Qxe4 Nc5 23. Nxc5 Qxc5 24. g5 Rxh2 25. Kb1 Qxc2+ 26. Qxc2 Rcxc2 27. Rxh2 Rxh2
28. Rc1 Kd7 29. Rc4 a5 30. a3 b3 31. Kc1 f6 32. gxf6 gxf6 33. Ra4 Rc2+ 34. Kb1 Rc5
35. Rg4 f5 36. Rh4 f4 37. a4 f3 38. Rh3 f2 39. Rxb3 f1=Q+ 40. Ka2 Qc4 41. Ka3 Qxb3+
42. Kxb3 e4  0-1

[Event "Sampa Chess Open - Local Piso Superior (ao lado da Renner) às 19h00"]
[Site "Shopping Metrô Tatuapé - Rua Domingos Agostim, 91, São Paulo/SP 03306-010"]
[Date "2024.01.30"]
[Round "2"]
[Board "52"]
[White "De Souza, Ricardo Alves"]
[Black "Haraguchi, Melissa Mayumi Alves"]
[Result "1-0"]
[WhiteElo "1322"]
[BlackElo "1751"]
[PlyCount "0"]
[EventDate "2024.01.29"]
[EventRounds "9"]
[EventCountry "BRA"]

1. Nf3 Nf6 2. g3 d5 3. Bg2 Nc6 4. d4 h6 5. O-O Bf5 6. c4 e6 7. cxd5 exd5 8. a3 Be7
9. Nc3 O-O 10. Ne5 Nxe5 11. dxe5 Ng4 12. Qxd5 Qxd5 13. Nxd5 Bd8 14. f4 c6 15. h3
cxd5 16. hxg4 Bxg4 17. Re1 Bb6+ 18. Kh2 Rad8 19. Bd2 Rfe8 20. Bb4 Re6 21. Bd6 Rd7
22. Bxd5 Rg6 23. Rac1 Rd8 24. Bxb7 h5 25. Bc7 Bxc7 26. Rxc7 Rh6 27. Be4 Rd2 28. Bd3
Rxb2 29. Rxa7 Rb8 30. Rb1 Rd8 31. Ra6 Rxa6 32. Bxa6 Bf5 33. Rb2 Kh7 34. a4 Be6 35.
Bd3+ g6 36. a5 Bd5 37. a6 Ra8 38. Rb6 Kg7 39. Rd6 Be6 40. e4 Kf8 41. Kg1 Ke7 42.
Kf2 f6 43. Ke3 f5 44. exf5 gxf5 45. Kd4 Kf7 46. Bc4 Bxc4 47. Kxc4 h4 48. gxh4 Kg7
49. Kb5 Kf7 50. Rb6 Ke7 51. Rb7+ Kd8 52. Kb6 Kc8 53. h5 Rb8 54. Rxb8+ Kxb8 55. h6
Kc8 56. h7 Kd7 57. h8=Q Ke6 58. Qf6+ Kd5 59. Qd6+ Kc4 60. Qc5+ Kd3 61. Qb4 Ke3 62.
a7 Kd3 63. a8=R Ke3 64. Ra3+ Kf2 65. Qb2+  1-0

[Event "Sampa Chess Open - Local Piso Superior (ao lado da Renner) às 19h00"]
[Site "Shopping Metrô Tatuapé - Rua Domingos Agostim, 91, São Paulo/SP 03306-010"]
[Date "2024.01.30"]
[Round "2"]
[Board "53"]
[White "Yasuda, Osvaldo Makoto"]
[Black "Navarro, Gustavo Kazuo Yura"]
[Result "0-1"]
[WhiteElo "1318"]
[BlackElo "1800"]
[PlyCount "0"]
[EventDate "2024.01.29"]
[EventRounds "9"]
[EventCountry "BRA"]

1. e4 c6 2. Nf3 d5 3. exd5 cxd5 4. d4 Nc6 5. Bb5 Bg4 6. Be3 Nf6 7. Nbd2 e6 8. h3
Bh5 9. g4 Bg6 10. Ne5 Qb6 11. Ba4 Bd6 12. Nxc6 bxc6 13. c3 O-O 14. b4 Ne4 15. Bc2
Nxc3 16. Qc1 Bxc2 17. Qxc2 Nb5 18. a3 Nxd4 19. Qc3 e5 20. Bxd4 Qxd4 21. Qxd4 exd4
22. O-O Rfe8 23. Nf3 a5 24. Nxd4 Be5 25. Rad1 Bxd4 26. Rxd4 axb4 27. axb4 Rab8 28.
Rc1 Rb6 29. Rc5 Reb8 30. Kf1 f6 31. b5 cxb5 32. Rdxd5 b4 33. Rc2 Ra6 34. Rb2 Ra3
35. h4 Rb7 36. Rd4 b3 37. Rd3 Kf7 38. Kg2 Kg6 39. Kf3 h5 40. gxh5+ Kxh5 41. Kg3 Rb4
42. f4 Raa4 43. Rdxb3 Rxf4 44. Rb5+ Kh6 45. Rh2 Rg4+ 46. Kf3 Rxh4 47. Rxh4+ Rxh4
48. Kg3 Ra4 49. Rb1 g5 50. Rf1 Kg6 51. Rf3 f5 52. Rb3 Kh5 53. Rb5 Ra3+ 54. Kf2 Kg4
55. Rb4+ f4 56. Rb1 Ra2+ 57. Kf1 Kg3  0-1

[Event "Sampa Chess Open - Local Piso Superior (ao lado da Renner) às 19h00"]
[Site "Shopping Metrô Tatuapé - Rua Domingos Agostim, 91, São Paulo/SP 03306-010"]
[Date "2024.01.30"]
[Round "2"]
[Board "56"]
[White "Akamine, Giullia Hikari Nishimori"]
[Black "Ruvieri, Valter"]
[Result "0-1"]
[WhiteElo "1800"]
[BlackElo "1067"]
[PlyCount "0"]
[EventDate "2024.01.29"]
[EventRounds "9"]
[EventCountry "BRA"]

1. e4 e5 2. Nf3 d6 3. Bc4 Be7 4. c3 Nf6 5. d3 O-O 6. Nbd2 c6 7. d4 d5 8. exd5 cxd5
9. dxe5 dxc4 10. exf6 Bxf6 11. Nxc4 Qxd1+ 12. Kxd1 Be6 13. Ncd2 Nc6 14. Ke2 Rfe8
15. Re1 Bc4+ 16. Kd1 Be6 17. Kc2 Bf5+ 18. Kd1 Bd3 19. a4 Ne5 20. Nxe5 Bxe5 21. Nf3
Bc7 22. Ra3 Be4 23. c4 Rad8+ 24. Bd2 Bxf3+ 25. Rxf3 Be5 26. Rfe3 f6 27. b4 Kf7 28.
g3 Re7 29. f4 Red7 30. R1e2 Bd4 31. Re4 Bc3 32. c5 Bxd2 33. b5 Bb4+ 34. Kc2 Bxc5
35. h4 Rd4 36. Re6 Rxa4 37. Kb3 Rb4+ 38. Kc3 Rxb5 39. g4 Rb6 40. R6e4 a5 41. Kc4
Rc8 42. Kd5 Bb4 43. f5 Rd6#  0-1

[Event "Sampa Chess Open - Local Piso Superior (ao lado da Renner) às 19h00"]
[Site "Shopping Metrô Tatuapé - Rua Domingos Agostim, 91, São Paulo/SP 03306-010"]
[Date "2024.01.30"]
[Round "2"]
[Board "57"]
[White "Akamine, Isabelle Namie Nishimori"]
[Black "Kassab, Alexandre T Canelas"]
[Result "0-1"]
[WhiteElo "1800"]
[BlackElo "1800"]
[PlyCount "0"]
[EventDate "2024.01.29"]
[EventRounds "9"]
[EventCountry "BRA"]

1. d4 Nf6 2. c4 e6 3. Nc3 d5 4. Bg5 Be7 5. e3 Nbd7 6. Nf3 O-O 7. Bd3 b6 8. O-O Bb7
9. b3 c5 10. cxd5 exd5 11. Ne5 Nxe5 12. dxe5 Ne4 13. Bxe7 Qxe7 14. Rc1 Qxe5 15. Bxe4
dxe4 16. Qg4 Rad8 17. Rfd1 h5 18. Qf4 Qxf4 19. exf4 Rd3 20. Re1 f5 21. h3 Rfd8 22.
Nb5 a6 23. Nc3 Kf7 24. Ne2 Rd2 25. a4 a5 26. Ng3 g6 27. Nf1 R2d3 28. Rb1 Bd5 29.
Re3 Be6 30. Rb2 Ke7 31. Rg3 Rxg3 32. Nxg3 Rd3 33. Nf1 Rxb3 34. Ra2 Rb1 35. Ra3 Bc4
36. Rc3 Bxf1 37. Kh2 c4 38. Rc2 Bd3 39. Ra2 c3 40. g4 Rb2 41. Ra1 c2 42. gxh5 gxh5
43. h4 Rb1 44. Rxb1 cxb1=Q 45. f3 Qc2+ 46. Kg1 Qd1+ 47. Kh2 Qe2+ 48. Kg1 Qf1+ 49.
Kh2 Qf2+ 50. Kh1 Bf1  0-1

[Event "Sampa Chess Open - Local Piso Superior (ao lado da Renner) às 19h00"]
[Site "Shopping Metrô Tatuapé - Rua Domingos Agostim, 91, São Paulo/SP 03306-010"]
[Date "2024.01.30"]
[Round "3"]
[Board "1"]
[White "Fier, Alexandr"]
[Black "Filgueiras, Nathan Felipe"]
[Result "1-0"]
[WhiteElo "2549"]
[BlackElo "2321"]
[PlyCount "0"]
[EventDate "2024.01.29"]
[EventRounds "9"]
[EventCountry "BRA"]

1. Nf3 Nf6 2. c4 e6 3. g3 b6 4. Bg2 Bb7 5. O-O Be7 6. b3 O-O 7. Bb2 d5 8. e3 c5 9.
Nc3 Nbd7 10. Qe2 Rc8 11. Rad1 Qc7 12. Nh4 Rfe8 13. d3 a6 14. cxd5 exd5 15. d4 c4
16. Nf5 Bf8 17. g4 b5 18. g5 Ne4 19. Nxe4 dxe4 20. bxc4 bxc4 21. Bc3 g6 22. Ng3 Bg7
23. Qc2 f5 24. gxf6 Nxf6 25. Rb1 Bd5 26. Qa4 h5 27. Qxa6 Ra8 28. Qb6 Qxb6 29. Rxb6
Rxa2 30. Rc1 Kh7 31. Bf1 Ng4 32. Rb5 Bg8 33. Bb2 h4 34. Ne2 Ra7 35. Nf4 Bh6 36. h3
Bxf4 37. hxg4 Bd6 38. Rb6 Rd7 39. Ra1 Rb8 40. Raa6 Rxb6 41. Rxb6 Be6 42. Bh3 g5 43.
Bg2 Bxg4 44. Bxe4+ Kg7 45. Bc6 Rd8 46. e4 Bf4 47. e5 Bd2 48. Rb7+ Kg8 49. d5 Bc8
50. Rb8 Bf4 51. d6 Rf8 52. d7 Bxd7 53. Rxf8+ Kxf8 54. Bxd7 Ke7 55. Bf5 Bd2 56. Ba3+
 1-0

[Event "Sampa Chess Open - Local Piso Superior (ao lado da Renner) às 19h00"]
[Site "Shopping Metrô Tatuapé - Rua Domingos Agostim, 91, São Paulo/SP 03306-010"]
[Date "2024.01.30"]
[Round "3"]
[Board "2"]
[White "Perez Gormaz, Matias"]
[Black "Di Berardino, Diego Rafael"]
[Result "1/2-1/2"]
[WhiteElo "2388"]
[BlackElo "2480"]
[PlyCount "0"]
[EventDate "2024.01.29"]
[EventRounds "9"]
[EventCountry "BRA"]

1. e4 c5 2. Nf3 d6 3. d4 cxd4 4. Nxd4 Nf6 5. Nc3 a6 6. Be3 e6 7. a3 b5 8. g4 Bb7
9. Bg2 Nc6 10. g5 Nd7 11. Nxc6 Bxc6 12. Qd4 a5 13. O-O e5 14. Qd3 Rb8 15. Nd5  1/2-1/2

[Event "Sampa Chess Open - Local Piso Superior (ao lado da Renner) às 19h00"]
[Site "Shopping Metrô Tatuapé - Rua Domingos Agostim, 91, São Paulo/SP 03306-010"]
[Date "2024.01.30"]
[Round "3"]
[Board "3"]
[White "Santiago, Yago De Moura"]
[Black "Dos Santos Dutra, Fernando Junior Freire"]
[Result "1-0"]
[WhiteElo "2467"]
[BlackElo "2262"]
[PlyCount "0"]
[EventDate "2024.01.29"]
[EventRounds "9"]
[EventCountry "BRA"]

1. d4 Nf6 2. c4 e6 3. Nc3 d5 4. Nf3 Bb4 5. g3 O-O 6. Bg2 c6 7. O-O Nbd7 8. Qc2 Re8
9. Rd1 b6 10. a3 Bf8 11. e4 dxe4 12. Nxe4 Nxe4 13. Qxe4 Nf6 14. Qxc6 Bd7 15. Qb7
Ba4 16. Re1 Re7 17. Qa6 Bc6 18. Ne5 Bxg2 19. Kxg2 Qc8 20. Qxc8 Rxc8 21. Be3 Nd7 22.
Nxd7 Rxd7 23. Rec1 Be7 24. c5 b5 25. a4 b4 26. a5 f5 27. Rc4 b3 28. Ra3 Rb7 29. Rc3
Rb5 30. Raxb3 Rxa5 31. Rb7 Bf6 32. c6  1-0

[Event "Sampa Chess Open - Local Piso Superior (ao lado da Renner) às 19h00"]
[Site "Shopping Metrô Tatuapé - Rua Domingos Agostim, 91, São Paulo/SP 03306-010"]
[Date "2024.01.30"]
[Round "3"]
[Board "4"]
[White "Ticona Rocabado, Licael Roderick"]
[Black "Shumyatsky, Victor"]
[Result "1/2-1/2"]
[WhiteElo "2350"]
[BlackElo "2457"]
[PlyCount "0"]
[EventDate "2024.01.29"]
[EventRounds "9"]
[EventCountry "BRA"]

1. d4 Nf6 2. c4 e6 3. e3 b6 4. Nf3 Bb7 5. Nbd2 g6 6. Be2 Bg7 7. O-O O-O 8. b3 d6
9. Bb2 Nbd7 10. Qc2 c5 11. Rfd1 Qc7 12. Rac1 Rac8 13. Nf1 Qb8 14. Qb1 cxd4 15. Nxd4
a6 16. Bf3 Rfd8 17. Ng3 Ne5 18. Bxb7 Qxb7 19. Nde2 h5 20. h3 h4 21. Nf1 g5 22. Nh2
Qe4 23. Bxe5 dxe5 24. Nf3 Rxd1+ 25. Rxd1 Qxb1 26. Rxb1 e4 27. Nfd4 Bf8 28. Rd1 Be7
29. Kf1 Kf8 30. g4 Ke8 31. Kg2 Rd8 32. Nc3 Bb4 33. Nc6 Rxd1 34. Nxd1 Bd6 35. b4 Kd7
36. b5 axb5 37. cxb5 Bc7 38. f3 Kd6 39. Nc3 exf3+ 40. Kxf3 Kc5 41. Nd4 Kc4 42. Ne4
Nxe4 43. Kxe4 Bd8 44. Nc6 Bf6 45. a4 Kc5 46. Kd3 Kd6 47. Ke4 Kc5 48. Kd3 Kd6 49.
Ke4  1/2-1/2

[Event "Sampa Chess Open - Local Piso Superior (ao lado da Renner) às 19h00"]
[Site "Shopping Metrô Tatuapé - Rua Domingos Agostim, 91, São Paulo/SP 03306-010"]
[Date "2024.01.30"]
[Round "3"]
[Board "5"]
[White "Flores Quillas, Diego Saul Rodri"]
[Black "Tsuboi, Edson Kenji"]
[Result "1-0"]
[WhiteElo "2429"]
[BlackElo "2200"]
[PlyCount "0"]
[EventDate "2024.01.29"]
[EventRounds "9"]
[EventCountry "BRA"]

1. e4 c5 2. Nf3 e6 3. d4 cxd4 4. Nxd4 Nc6 5. Nc3 Qc7 6. g3 a6 7. Bg2 d6 8. O-O Bd7
9. Re1 Be7 10. Nxc6 Bxc6 11. Ne2 Nf6 12. Nd4 O-O 13. b3 d5 14. Bf4 Qd8 15. e5 Nd7
16. Qg4 Kh8 17. c4 Nb6 18. Red1 Qe8 19. Be3 Bd8 20. Rac1 Rc8 21. cxd5 exd5 22. Nf5
g6 23. Nd6 Qe6 24. Qxe6 fxe6 25. Bh3  1-0

[Event "Sampa Chess Open - Local Piso Superior (ao lado da Renner) às 19h00"]
[Site "Shopping Metrô Tatuapé - Rua Domingos Agostim, 91, São Paulo/SP 03306-010"]
[Date "2024.01.30"]
[Round "3"]
[Board "6"]
[White "Santanna, Paulo"]
[Black "De Menezes, Ricardo Fagner Dias"]
[Result "0-1"]
[WhiteElo "2021"]
[BlackElo "1675"]
[PlyCount "0"]
[EventDate "2024.01.29"]
[EventRounds "9"]
[EventCountry "BRA"]

1. Nf3 d5 2. e3 Nf6 3. c4 e6 4. b3 Be7 5. Bb2 c6 6. Nc3 Nbd7 7. d4 b6 8. Bd3 Bb7
9. Qe2 c5 10. cxd5 exd5 11. O-O O-O 12. Rac1 Re8 13. Rfd1 Bf8 14. Ba6 Qc8 15. Bxb7
Qxb7 16. dxc5 bxc5 17. Qd2 Nb6 18. a4 Rad8 19. a5 Na8 20. Qc2 Nc7 21. Na4 Ne4 22.
Ne5 Ne6 23. f3 Nf6 24. Nd3 Rb8 25. Be5 Rbc8 26. Bxf6 gxf6 27. Nf2 c4 28. Ng4 Bg7
29. Rb1 cxb3 30. Qxb3 Qxb3 31. Rxb3 Rc4 32. Nb2 Rc2 33. Nd3 h5 34. Ngf2 Bf8 35. Nb4
Bxb4 36. Rxb4 Re2 37. e4 d4 38. Nd3 Ra2 39. Rb2 Rxa5 40. Rbd2 Rc8 41. Nb4 Rc4 42.
Nd5 Kg7 43. Ne7 Kh7 44. Nf5 Raa4 45. Kf1 Rcb4 46. g3 a5 47. Ke2 Rc4 48. h4 Rab4 49.
Nd6 Rc3 50. Nf5 Rcc4 51. Nd6 Rc6 52. Nf5 a4 53. Nxd4 a3 54. Nxe6 fxe6 55. Rd3 Rb2+
56. R3d2 Rxd2+ 57. Kxd2 Rd6+  0-1

[Event "Sampa Chess Open - Local Piso Superior (ao lado da Renner) às 19h00"]
[Site "Shopping Metrô Tatuapé - Rua Domingos Agostim, 91, São Paulo/SP 03306-010"]
[Date "2024.01.30"]
[Round "3"]
[Board "8"]
[White "Terao, Juliana Sayumi"]
[Black "Matsuura, Everaldo"]
[Result "1/2-1/2"]
[WhiteElo "2198"]
[BlackElo "2410"]
[PlyCount "0"]
[EventDate "2024.01.29"]
[EventRounds "9"]
[EventCountry "BRA"]

1. e4 c5 2. Nf3 d6 3. c3 Nf6 4. h3 Nbd7 5. Bd3 g6 6. O-O Bg7 7. Re1 O-O 8. Bc2 e5
9. d4 Nh5 10. dxe5 Nxe5 11. Na3 Nxf3+ 12. Qxf3 Be6 13. Rd1 Qb6 14. Qd3 Rfd8 15. Nc4
Qa6 16. Ne3 Qxd3 17. Bxd3 Nf6 18. c4 Nd7 19. Rb1 Ne5 20. b3 a5 21. a4 Re8 22. Bf1
Rad8 23. Bb2 f5 24. exf5 Bxf5 25. Nxf5 gxf5 26. Bd3 Rf8 27. f4 Nc6 28. Re1 Bxb2 29.
Rxb2 Nd4 30. Re7 Rf7 31. Rxf7 Kxf7 32. g4 h5 33. g5 h4 34. Kf2 Re8 35. Rb1 Re7 36.
Rb2 Kg6 37. Rb1 Kf7 38. Rb2  1/2-1/2

[Event "Sampa Chess Open - Local Piso Superior (ao lado da Renner) às 19h00"]
[Site "Shopping Metrô Tatuapé - Rua Domingos Agostim, 91, São Paulo/SP 03306-010"]
[Date "2024.01.30"]
[Round "3"]
[Board "9"]
[White "Vargas, Goncalo Cintra"]
[Black "Perdomo, Leandro"]
[Result "0-1"]
[WhiteElo "2041"]
[BlackElo "2382"]
[PlyCount "0"]
[EventDate "2024.01.29"]
[EventRounds "9"]
[EventCountry "BRA"]

1. Nf3 Nf6 2. b3 g6 3. Bb2 Bg7 4. c4 O-O 5. g3 d6 6. Bg2 e5 7. d3 c5 8. O-O Nc6 9.
Nc3 Ne8 10. Qd2 Nc7 11. Rad1 a6 12. e3 f5 13. Na4 Ne6 14. Nc3 Bd7 15. Nd5 b5 16.
Ne1 g5 17. f4 g4 18. Bc3 b4 19. Ba1 a5 20. Nc2 a4 21. Rb1 axb3 22. axb3 Ra2 23. Rb2
Ra7 24. Rbb1 Be8 25. Rf2 Ra2 26. Rbf1 Nc7 27. fxe5 dxe5 28. Qd1 Nxd5 29. Bxd5+ Kh8
30. e4 Qg5 31. exf5  0-1

[Event "Sampa Chess Open - Local Piso Superior (ao lado da Renner) às 19h00"]
[Site "Shopping Metrô Tatuapé - Rua Domingos Agostim, 91, São Paulo/SP 03306-010"]
[Date "2024.01.30"]
[Round "3"]
[Board "10"]
[White "Dos Santos Junior, Haroldo Cunha"]
[Black "Santos, Marcus Vinicius Moreira"]
[Result "1-0"]
[WhiteElo "2033"]
[BlackElo "2331"]
[PlyCount "0"]
[EventDate "2024.01.29"]
[EventRounds "9"]
[EventCountry "BRA"]

1. d4 Nf6 2. Nf3 g6 3. Bf4 Bg7 4. e3 O-O 5. Be2 d6 6. O-O Nc6 7. h3 Nd7 8. c4 e5
9. Bh2 f5 10. Nc3 g5 11. Rc1 g4 12. hxg4 fxg4 13. Ne1 exd4 14. exd4 Nxd4 15. Bxg4
Ne5 16. Bxc8 Rxc8 17. Nd5 c6 18. Ne3 Qh4 19. Bg3 Qe4 20. Rc3 Rf7 21. f3 Qg6 22. Bh2
Rcf8 23. Qxd4 Nxf3+ 24. Nxf3 Bxd4 25. Nxd4 Rxf1+ 26. Nxf1 Qb1 27. Nf3 Qxb2 28. Rd3
Qb6+ 29. Ne3 Qb1+ 30. Rd1 Qxa2 31. Rd2 Qb3 32. Kf2 Re8 33. Bf4 a5 34. Rxd6 a4 35.
Rd7 a3 36. Ng4 Qb2+ 37. Kg3 Re6 38. Ng5 Qc3+ 39. Kh2 Qxc4 40. Nxe6 Qxe6 41. Nh6+
Kf8 42. Rxb7 a2 43. Ra7 Qf6 44. Ra8+ Ke7 45. Ng8+  1-0

[Event "Sampa Chess Open - Local Piso Superior (ao lado da Renner) às 19h00"]
[Site "Shopping Metrô Tatuapé - Rua Domingos Agostim, 91, São Paulo/SP 03306-010"]
[Date "2024.01.30"]
[Round "3"]
[Board "11"]
[White "Gemy, Jose Daniel"]
[Black "Cardoso, Maria Paula Da Silva"]
[Result "1-0"]
[WhiteElo "2329"]
[BlackElo "1780"]
[PlyCount "0"]
[EventDate "2024.01.29"]
[EventRounds "9"]
[EventCountry "BRA"]

1. e4 c5 2. Nf3 d6 3. d4 cxd4 4. Nxd4 Nf6 5. Nc3 a6 6. Bg5 e6 7. f4 Be7 8. Qf3 Qc7
9. O-O-O Nbd7 10. g4 h6 11. Bxf6 Bxf6 12. h4 Nb6 13. g5 Bxd4 14. Rxd4 Qc5 15. Rd2
Bd7 16. g6 f6 17. Be2 Na4 18. Rhd1 Rc8 19. Rxd6 Nxc3 20. Qxc3 Qxc3 21. bxc3 Rc7 22.
Bc4 Ke7 23. Bb3 Ra8 24. a4 b5 25. a5 Raa7 26. Rb6 Rxc3 27. Rdd6 Rac7 28. Kb2 R3c6
29. e5 fxe5 30. fxe5 Rc5 31. Bxe6 Rxc2+ 32. Kb3 R2c3+ 33. Kb4 Bc8 34. Bb3 Re3 35.
Rdc6 Rxc6 36. Rxc6 Bd7 37. Rxa6 Rxe5 38. Rb6 Re4+ 39. Kc5 Re3 40. Bd5 Ra3 41. a6
Ra1 42. Bc6 Rc1+ 43. Kxb5 Rb1+ 44. Kc5 Rc1+ 45. Kd5 Rd1+ 46. Ke5 Rd6 47. a7 Re6+
48. Kd5 Rd6+ 49. Kc5  1-0

[Event "Sampa Chess Open - Local Piso Superior (ao lado da Renner) às 19h00"]
[Site "Shopping Metrô Tatuapé - Rua Domingos Agostim, 91, São Paulo/SP 03306-010"]
[Date "2024.01.30"]
[Round "3"]
[Board "12"]
[White "Melian, Juan Sebastian"]
[Black "Cruz, Natan Gomes"]
[Result "1/2-1/2"]
[WhiteElo "2238"]
[BlackElo "1888"]
[PlyCount "0"]
[EventDate "2024.01.29"]
[EventRounds "9"]
[EventCountry "BRA"]

1. d4 d5 2. c4 e6 3. Nf3 Nf6 4. g3 dxc4 5. Bg2 Nbd7 6. Qa4 a6 7. Qxc4 b5 8. Qc2 Bb7
9. O-O Be7 10. Bg5 h6 11. Bd2 Rc8 12. Ba5 Nb6 13. Rd1 Nc4 14. Qc1 O-O 15. b3 Nd6
16. Nbd2 Bd5 17. Qb1 Nfe4 18. Nxe4 Nxe4 19. Be1 Nf6 20. Qb2 Qd6  1/2-1/2

[Event "Sampa Chess Open - Local Piso Superior (ao lado da Renner) às 19h00"]
[Site "Shopping Metrô Tatuapé - Rua Domingos Agostim, 91, São Paulo/SP 03306-010"]
[Date "2024.01.30"]
[Round "3"]
[Board "13"]
[White "Silva, Kaua Marques"]
[Black "Cunha, Lucas Aguiar"]
[Result "0-1"]
[WhiteElo "2142"]
[BlackElo "2230"]
[PlyCount "0"]
[EventDate "2024.01.29"]
[EventRounds "9"]
[EventCountry "BRA"]

1. e4 c5 2. Nf3 Nc6 3. d4 cxd4 4. Nxd4 Nf6 5. Nc3 d6 6. Bg5 e6 7. Qd2 h6 8. Bxf6
gxf6 9. O-O-O a6 10. f4 h5 11. Kb1 Qb6 12. Nxc6 bxc6 13. Bc4 Rb8 14. Bb3 Be7 15.
Qd3 Kf8 16. Rhf1 a5 17. Na4 Qc7 18. f5 e5 19. Rf3 Rh7 20. Rh3 d5 21. Qf3 dxe4 22.
Qxe4 Rb4 23. c4 c5 24. Nc3 Qb7 25. Qxb7 Bxb7 26. g4 Bc6 27. Rxh5 Rxh5 28. gxh5 a4
29. Rg1 axb3 30. h6 Bd7 31. axb3 Bxf5+ 32. Ka2 Rb8 33. h4 Ra8+ 34. Na4 Bd6 35. Rf1
Bd3 36. Rxf6 Ke7 37. Rf2 f5 38. Rg2 f4 39. h7 Kf7  0-1

[Event "Sampa Chess Open - Local Piso Superior (ao lado da Renner) às 19h00"]
[Site "Shopping Metrô Tatuapé - Rua Domingos Agostim, 91, São Paulo/SP 03306-010"]
[Date "2024.01.30"]
[Round "3"]
[Board "14"]
[White "Damasio, Fabio Ferreira"]
[Black "Passos, Marco Aurelio Novaes"]
[Result "0-1"]
[WhiteElo "1296"]
[BlackElo "1671"]
[PlyCount "0"]
[EventDate "2024.01.29"]
[EventRounds "9"]
[EventCountry "BRA"]

1. e4 e5 2. Nf3 Nc6 3. Bb5 f5 4. exf5 e4 5. Qe2 Qe7 6. Bxc6 dxc6 7. Ng1 Bxf5 8. Nc3
Nf6 9. h3 O-O-O 10. Nd1 Nd5 11. g3 Qc5 12. c3 Kb8 13. Ne3 Bg6 14. h4 h5 15. Nh3 Bd6
16. O-O Nxe3 17. Qxe3 Qf5 18. Kg2 Be5 19. b3 Rd3 20. Qg5 Qf3+ 21. Kg1 Bf5 22. Kh2
Qe2 23. Ba3 Rxg3 24. Qxf5 Rg5+  0-1

[Event "Sampa Chess Open - Local Piso Superior (ao lado da Renner) às 19h00"]
[Site "Shopping Metrô Tatuapé - Rua Domingos Agostim, 91, São Paulo/SP 03306-010"]
[Date "2024.01.30"]
[Round "3"]
[Board "15"]
[White "Alves, Josue Flor De Souza"]
[Black "Leon Lopes, Sergio Amadeus"]
[Result "1/2-1/2"]
[WhiteElo "1551"]
[BlackElo "1858"]
[PlyCount "0"]
[EventDate "2024.01.29"]
[EventRounds "9"]
[EventCountry "BRA"]

1. d4 Nf6 2. c4 e6 3. Nf3 b6 4. g3 Bb4+ 5. Bd2 Bxd2+ 6. Nbxd2 d5 7. Bg2 O-O 8. O-O
Bb7 9. cxd5 exd5 10. Ne5 Nfd7 11. Ndf3 Re8 12. Rc1 f6 13. Nd3 a5 14. e3 Na6 15. Nh4
g6 16. Nf4 Nf8 17. Nf3 Qd6 18. h4 Ne6 19. Nxe6 Qxe6 20. Qb3 Rad8 21. Rfd1 Kg7 22.
Ne1 Qd6 23. Nd3 Bc8 24. Nf4 Be6 25. Bf1 Nb8 26. Qc3 c6 27. a3 a4 28. Qc2 b5 29. Bd3
f5 30. Nh3 Rc8 31. Ng5 Nd7 32. Qd2 Nb6 33. Qc2 Nc4 34. Nf3 Ra8 35. Kg2 Bd7 36. Rh1
h5 37. Ng5 Re7 38. Nf3 Rc8 39. Bxc4 dxc4 40. Ne5 Be6 41. Rhd1 Kh7 42. Kh2 Bd5 43.
Qd2 Qf6 44. f4 Qe6 45. Qb4 Be4 46. Qc5 Qd5  1/2-1/2

[Event "Sampa Chess Open - Local Piso Superior (ao lado da Renner) às 19h00"]
[Site "Shopping Metrô Tatuapé - Rua Domingos Agostim, 91, São Paulo/SP 03306-010"]
[Date "2024.01.30"]
[Round "3"]
[Board "16"]
[White "Jorge, Denrick Cabral Jose"]
[Black "Blanco, Gustavo Jose Bachur"]
[Result "0-1"]
[WhiteElo "1874"]
[BlackElo "1491"]
[PlyCount "0"]
[EventDate "2024.01.29"]
[EventRounds "9"]
[EventCountry "BRA"]

1. e4 c5 2. Nc3 Nc6 3. g3 g6 4. d3 Bg7 5. Be3 d6 6. Qd2 Nf6 7. Bh6 O-O 8. h4 d5 9.
Bxg7 Kxg7 10. h5 Nxh5 11. Be2 d4 12. Nd5 e6 13. g4 exd5 14. gxh5 Qa5 15. Qxa5 Nxa5
16. exd5 b6 17. c4 dxc3 18. bxc3 Bf5 19. Kd2 Rad8 20. c4 Nb7 21. Bf3 Nd6 22. Ne2
f6 23. Nf4 Rfe8 24. Rae1 g5 25. h6+ Kf8 26. Nh5 Kf7 27. Ng7 Rxe1 28. Rxe1 Kg6 29.
Nxf5 Kxf5 30. Bh5 g4 31. Re7 Kg5 32. Bf7 Nxf7 33. Rxf7 Kxh6 34. Rxf6+ Kg7 35. Re6
Rf8 36. Re7+ Kg6 37. Ke2 a6 38. Re6+ Rf6 39. Rxf6+ Kxf6 40. a4 h5 41. Kf1 h4 42.
Kg2 Ke5 43. Kh2 b5 44. cxb5 axb5 45. a5 Kxd5 46. a6 Kc6 47. Kg2 b4 48. f4 gxf3+ 49.
Kxf3 b3  0-1